Návrh opatrení pre zvyšovanie spokojnosti zamestnancov v spoločnosti DATALOGIC SLOVAKIA, s.r.o. v kontexte s konceptom age managementu

Salvato in:
Dettagli Bibliografici
Autore principale: Maráková, Miroslava (Autore)
Altri autori: Vraňaková, Natália (Relatore della tesi)
Natura: Manoscritto Libro
Lingua:slovacco
Pubblicazione: 2018
Soggetti:
Accesso online:http://is.stuba.sk/zp/portal_zp.pl?podrobnosti=124151
Tags: Aggiungi Tag
Nessun Tag, puoi essere il primo ad aggiungerne!!

MARC

LEADER 00000ntm a22000003a 4500
001 stuzp67831
003 SK-STU
005 20180820155349.8
007 ta
008 150427s2015----xo-----f-mn---000-0-slo-d
040 |a STU  |b slo 
041 0 |a slo 
100 1 |a Maráková, Miroslava  |u 064000  |4 aut  |U MTF Materiálovotechnologická fakulta  |T MTF Ústav priemyselného inžinierstva a manažmentu  |X 80722  |U M4000  |Y 84  |7 80722 
242 0 1 |a Proposal of measures to increase employee satisfaction in the company DATALOGIC SLOVAKIA, s.r.o. in the context of the age management concept  |y eng 
245 1 0 |a Návrh opatrení pre zvyšovanie spokojnosti zamestnancov v spoločnosti DATALOGIC SLOVAKIA, s.r.o. v kontexte s konceptom age managementu 
260 |c 2018 
650 4 |a Age management  |2 slo 
650 4 |a Riadenie ľudských zdrojov  |2 slo 
650 4 |a Zamestnanosť  |2 slo 
650 4 |a Pracovná schopnosť  |2 slo 
650 4 |a Veková diverzita  |2 slo 
650 4 |a Demografický vývoj  |2 slo 
650 4 |a Age management  |2 eng 
650 4 |a Human resource Management  |2 eng 
650 4 |a Age diversity  |2 eng 
650 4 |a Demographic developments  |2 eng 
650 4 |a Employment  |2 eng 
650 4 |a Working ability  |2 eng 
700 1 |a Vraňaková, Natália  |u 064000  |k Z3  |4 ths  |U MTF Materiálovotechnologická fakulta  |T MTF Ústav priemyselného inžinierstva a manažmentu  |X 61908  |U M4000  |Y 84  |7 A000061908 
856 4 |u http://is.stuba.sk/zp/portal_zp.pl?podrobnosti=124151 
996 |c M* BP-8477  |l MMSKP  |s P  |a 0  |w stuzp67831_0001